|
|
|
|
| LEADER |
00738nam a22002412a 4500 |
| 001 |
001096204 |
| 003 |
CZ BrMZK |
| 005 |
20100513061715.0 |
| 007 |
ta |
| 008 |
100513s1930 xr af er|||||||||||cze d |
| 015 |
|
|
|a cnb000546256
|
| 035 |
|
|
|a (OCoLC)85296636
|
| 040 |
|
|
|a ABA001
|b cze
|c HKA001
|d ABA001
|
| 100 |
1 |
|
|a Stein, Bedřich
|7 xx0065537
|4 aut
|
| 245 |
1 |
0 |
|a SMS 333 :
|b veselohra o 3 dějstvích /
|c napsal Bedřich Stein
|
| 260 |
|
|
|a V Nymburce :
|b Jan Minář,
|c [1930]
|
| 300 |
|
|
|a 93 s. :
|b il. ;
|c 8°
|
| 490 |
1 |
|
|a Edice Jamin ;
|v sv. 1
|
| 830 |
|
0 |
|a Edice Jamin
|
| 910 |
|
|
|a BOA001
|b 1-0146.562,1
|
| 990 |
|
|
|a BK
|
| 991 |
|
|
|b 201005
|
| 996 |
7 |
|
|b 2619282680
|c 1-0146.562,1
|l MZK
|r Sklad / do 1 hodiny
|n 2
|w 001122095
|u 000010
|a 1
|e BOA001
|j MZK50
|s A
|